The worldly philosophers The lives, times and ideas of the graet economic tinkers
Sparad:
| Huvudupphovsman: | |
|---|---|
| Materialtyp: | Bok |
| Språk: | Undetermined |
| Publicerad: |
New York
Simon and Schuster
1989
|
| Ämnen: | |
| Taggar: |
Lägg till en tagg
Inga taggar, Lägg till första taggen!
|
| Thư viện lưu trữ: | Trung tâm Học liệu Trường Đại học Cần Thơ |
|---|
| LEADER | 00548nam a2200193Ia 4500 | ||
|---|---|---|---|
| 001 | CTU_18218 | ||
| 008 | 210402s9999 xx 000 0 und d | ||
| 082 | |a 109 | ||
| 082 | |b H466 | ||
| 100 | |a Robert L Heilbroner | ||
| 245 | 4 | |a The worldly philosophers | |
| 245 | 4 | |b The lives, times and ideas of the graet economic tinkers | |
| 245 | 0 | |c Robert L Heilbroner | |
| 260 | |a New York | ||
| 260 | |b Simon and Schuster | ||
| 260 | |c 1989 | ||
| 650 | |a philosophy | ||
| 904 | |i Minh, 970820 | ||
| 980 | |a Trung tâm Học liệu Trường Đại học Cần Thơ | ||